Cambridge Ielts intensive training writing : Foreign language teaching & reseảch press

As far as this book is concerned, it is arranged into 9 units whose themes centre upon the two tasks of the IELTS Writing test. Most frequently given topics in the IELTS Writing test are selectively provided so that can be well prepared for your coming actual test. Noticeably, each title question is...

詳細記述

保存先:
書誌詳細
フォーマット: 図書
言語:Undetermined
出版事項: Thành phố Hồ Chí Minh Tổng hợp 2014
主題:
タグ: タグ追加
タグなし, このレコードへの初めてのタグを付けませんか!
Thư viện lưu trữ: Trung tâm Học liệu Trường Đại học Cần Thơ
LEADER 01223nam a2200217Ia 4500
001 CTU_202365
008 210402s9999 xx 000 0 und d
020 |c 148000 
082 |a 428.0076 
082 |b C178 
245 0 |a Cambridge Ielts intensive training writing : 
245 0 |b Foreign language teaching & reseảch press 
245 0 |c Nguyễn Kim Minh (Biên tập) 
260 |a Thành phố Hồ Chí Minh 
260 |b Tổng hợp 
260 |c 2014 
520 |a As far as this book is concerned, it is arranged into 9 units whose themes centre upon the two tasks of the IELTS Writing test. Most frequently given topics in the IELTS Writing test are selectively provided so that can be well prepared for your coming actual test. Noticeably, each title question is followed by one or two sample answers. Moreover, lists of useful academic expressions folowing each essay sample answer or well-written sentences for some types of reports will undoubtedly help you with the most relevant language for your Acedemic Writing test. 
650 |a English language,Ngôn ngữ Anh 
650 |x Writing,Viết 
904 |i Tuyến 
980 |a Trung tâm Học liệu Trường Đại học Cần Thơ